| 000 | 00416nam a2200157Ia 4500 | ||
|---|---|---|---|
| 008 | 210716s2017 xx 000 0 und d | ||
| 020 | _a9788126564453 | ||
| 041 | _aeng | ||
| 082 | _a658.152 CLAM | ||
| 100 | _aClayman, Michelle R; Fridson, Martin S; Troughton, George H. | ||
| 245 | _aCorporate finance. | ||
| 250 | _a2 | ||
| 260 |
_aNew Delhi _bWILEY _c2017 |
||
| 300 | _axix,505 | ||
| 650 | _aCorporate Finance | ||
| 999 |
_c209924 _d209924 |
||